Κατάλογος Βιβλιοθηκών Mediterranean College

'Ιλιον / Πορεία στους Αιώνες (Record no. 2338)

MARC details
000 -LEADER
fixed length control field 01592cam a22002054a 4500
005 - ΗΜΕΡΟΜΗΝΙΑ ΚΑΙ ΩΡΑ ΤΕΛΕΥΤΑΙΑΣ ΕΝΗΜΕΡΩΣΗΣ
Πεδίο ελέγχου 20250605164038.0
008 - FIXED-LENGTH DATA ELEMENTS--GENERAL INFORMATION
Πεδίο ελέγχου σταθερού μήκους 250528s ||||||||||||||||||||||||d
035 ## - SYSTEM CONTROL NUMBER
System control number 16888
040 ## - ΠΗΓΗ ΚΑΤΑΛΟΓΟΓΡΑΦΗΣΗΣ
Φορέας πρωτότυπης καταλογογράφησης MC Athens Campus Library
Γλώσσα καταλογογράφησης Ελληνικά, Μοντέρνα (1453-)
Modifying agency MC Athens Campus Library
Κανόνες περιγραφικής καταλογογράφησης AACR2
245 1# - ΤΙΤΛΟΣ ΚΑΙ ΔΗΛΩΣΗ ΥΠΕΥΘΥΝΟΤΗΤΑΣ
Τίτλος 'Ιλιον / Πορεία στους Αιώνες
260 ## - PUBLICATION, DISTRIBUTION, ETC.
Name of publisher, distributor, etc. Πολιτιστικό Κέντρο Μελίνα Μερκούρη
300 ## - PHYSICAL DESCRIPTION
Extent 160
505 0# - FORMATTED CONTENTS NOTE
Formatted contents note Εισαγωγή, Το Λεκανοπέδιο και η Κοιλάδα του Κηφισού, Οι Δήμοι της Περιχής κατά την Αρχαιότητα, Από την Ακμή στην Ερήμωση, Η Επανάσταση του 1821 - Η Μάχη στο Δραγουμάνο, Η Απελευθέρωση, Τα Ανάκτορα, Η Επτάλοφος, Η Έξωση, Τα Κάτω Λιόσια, Τα Νέα Λιόσια, Μια Ανώμαλη Περίοδος, Βιβλιογραφία.
520 ## - SUMMARY, ETC.
Summary, etc. Εισαγωγή, Το Λεκανοπέδιο και η Κοιλάδα του Κηφισού, Οι Δήμοι της Περιχής κατά την Αρχαιότητα, Από την Ακμή στην Ερήμωση, Η Επανάσταση του 1821 - Η Μάχη στο Δραγουμάνο, Η Απελευθέρωση, Τα Ανάκτορα, Η Επτάλοφος, Η Έξωση, Τα Κάτω Λιόσια, Τα Νέα Λιόσια, Μια Ανώμαλη Περίοδος, Βιβλιογραφία.
700 1# - ΠΡΟΣΘΕΤΗ ΑΝΑΓΡΑΦΗ--ΦΥΣΙΚΟ ΠΡΟΣΩΠΟ
Personal name Γεωργόπουλος Σπύρος
9 (RLIN) 2977
700 1# - ΠΡΟΣΘΕΤΗ ΑΝΑΓΡΑΦΗ--ΦΥΣΙΚΟ ΠΡΟΣΩΠΟ
Personal name Διωτής Μαρίνος
9 (RLIN) 2978
942 ## - ADDED ENTRY ELEMENTS (KOHA)
Koha item type Books
Holdings
Τύπος τεκμηρίου Βιβλιοθήκη Τρέχουσα τοποθεσία Barcode Αριθμός εισαγωγής Ημερομηνία απόκτησης Ταξιθετικό σύμβολο Αριθμός αντιτύπου Κατάσταση απόσυρσης Κατάσταση χαμένου Κατάσταση κατεστραμμένου Μη δανεισμός Σύνολο δανεισμών Ημερομηνία τελευταίας εμφάνισης Η τιμή ισχύει από
Books MC Athens Campus Library MC Athens Campus Library 9780000023377 5544 05/06/2025 930 DIO 1           05/06/2025 05/06/2025

MC Athens Campus Library
Πατησίων 94 & Κοδριγκτώνος 13, 104 34
Πελλήνης 8 & Πατησίων 107, 112 51
Τ: +30 210 8899600

MC Thessaloniki Campus Library
Ίωνος Δραγούμη 21, 54625 | Ίωνος Δραγούμη 15, 54625
Τ: +30 2310 287779 – Τ: +30 2314 440300